000 00802nam a2200193Ii 4500
003 JO-AjNU
008 230605s9999||||xx |||||||||||||| ||und||
040 _aJO-AjNU
_bara
_erda
_cJO-AjNU
041 _aara
050 1 4 _aLG395 2014
100 3 _aإشراف العيسى، عبد الرزاق عبد الجليل,
_eauthor
_946154
245 0 0 _aدليل الطلبة العراقيين الدارسين في المملكة الأردنية الهاشمية: سفارة جمهورية العراق: الدائرة الثقافية - عمان
264 3 1 _aعمان: سفارة العراق، 2014
300 _a101ص
_bصور توضيحية
336 _atext
_btxt
_2rdacontent
337 _aunmediated
_bn
_2rdamedia
338 _avolume
_bnc
_2rdacarrier
650 4 _aجامعات - أدلة
_946155
999 _aA20058
_c23626
_d23626